00000000nam##2200000za#4500
0019.676334
003CaOODSP
00520250403105600
007cr |||||||||||
008150407|1989||||xxc|||||o    f|0| 0 fre|d
040 |aCaOODSP|bfre
041 |aeng
041 |afre
043 |an-cn---
0861 |aCS93-155-1989-PDF
24500|aProfil de la population immigrante |h[ressource électronique]
2461 |iDeuxième titre de série imprimé sur la couverture : |aDimensions
260 |aOttawa - Ontario : |bStatistique Canada |c1989.
500 |aPublication du recensement historique numérisé par Statistique Canada.
590 |a13-07-Supp|b2013-03-25
69107|aImmigrant|2gcpds
7102 |aStatistique Canada.
791 |tProfile of the immigrant population |eeng|w(CaOODSP)9.676333
85640|ahttp://publications.gc.ca|qPDF|s15.7 Mo|uhttps://publications.gc.ca/collections/collection_2013/statcan/rh-hc/CS93-155-1989.pdf